March Madness by the Numbers Quiz Stats

 Plays Quiz Updated Apr 10, 2021

Support Sporcle.
Go Orange.
Score 0/57 Timer 09:00
0 Plays Today
% Correct
Gonzaga (86-70)
83.7%
Butler Bulldogs (2010-11)
75.6%
Michigan Wolverines (2013, 2018)
71%
Kansas Jayhawks (2012)
70.1%
Texas Tech (2019)
69.5%
North Carolina Tar Heels (2016)
68.6%
Michigan State Spartans (2009)
64.9%
Kentucky Wildcats (2014)
64.2%
Lew Alcindor (1967-69)
63.6%
Wisconsin Badgers (2015)
62.5%
Bill Walton (1972-73)
60.4%
Arkansas (81-72)
59.8%
Gonzaga Bulldogs (2017, 2021)
58.5%
Princeton Tigers (1965)
57.3%
Oral Roberts (2021-Ohio St.)
56.3%
Houston (78-59)
54%
Rick Pitino (Boston U, Providence, KY, Louisville, Iona)
52.8%
Memphis Tigers (2008)
52.4%
Donte DiVincenzo, Villanova (2018)
48.8%
Penn Quakers (1979)
47.7%
Tubby Smith (Tulsa, GA, KY, MN, Texas Tech)
43.1%
Dartmouth Big Green (1942, 1944)
40.4%
UMBC (University of Maryland, Baltimore County) beat Virginia 74-54 (2018)
40.3%
Roy Williams, Kansas & UNC - 9 (1991-2017)
37.5%
Jared Butler, Baylor (2021)
36.9%
Mike Krzyzewski, Duke -14 (1988-2015)
36.8%
Joel Berry II, North Carolina (2017)
35.8%
Jim Calhoun, Uconn - 6 (1999-2011)
35.8%
Kyle Guy, Virginia (2019)
34.8%
% Correct
Bob Knight, Indiana - 7 (1973-87)
34.8%
Ryan Arcidiacono, Villanova (2016)
31.5%
Dean Smith, UNC - 8 (1967-97)
31%
Richmond (1991-Syr.)
30.8%
Florida GC (2013-Geotwn)
30.2%
John Wooden, UCLA -21 (1962-75)
29.2%
Coppin State (1997-SC)
26.3%
Villanova (62-51)
25.6%
Lehigh (2012-Duke)
23.7%
Middle Tenn St (2016-MSU)
23.5%
Ed O'Bannon (1995)
20.2%
Wisconsin (76-63)
19.7%
Lon Kruger (Kans St, Florida, Illinois, UNLV, OK)
18.6%
Norfolk State (2012-MO)
17.5%
Adolph Rupp, Kentucky - 9 (1942-66)
17%
Santa Clara (1993-AZ)
15%
Gail Goodrich (1965)
14.8%
David Robinson, Navy (50 pts)
13%
Austin Carr, Notre Dame (61, 52, 52 pts)
12.6%
Keith Wilkes (1973)
12.3%
Hartford (79-55)
10.9%
Bill Bradley, Princeton (58 pts)
10.9%
Hampton (2001-IA St.)
8.9%
Oscar Robertson, Cincinnati (56 pts)
8.6%
Walt Hazzard(1964)
7.5%
Sidney Wicks (1971)
6.9%
Henry Bibby (1972)
4.9%
Dave Meyers (1975)
2.3%

You're not logged in!

Compare scores with friends on all Sporcle quizzes.
OR
Log In

From the Vault

D-Day Beaches

by joemat

How much do you know about the largest seaborne invasion in history?
Remove Ads.
Support Sporcle.
Get the best of Sporcle when you Go Orange. This ad-free experience offers more features, more stats, and more fun while also helping to support Sporcle. Thank you for becoming a member.

Show Comments

Extras

Top Quizzes Today


Score Distribution

Your Account Isn't Verified!

In order to create a playlist on Sporcle, you need to verify the email address you used during registration. Go to your Sporcle Settings to finish the process.

Report this User

Report this user for behavior that violates our Community Guidelines.

Details: